000 00223nam a22001097a 4500
082 _a669.142 STE'E
245 _aSTEEL DESIGNER'S MANUAL
250 _a2ND
260 _aLONDON
_bELBS
_c1966
300 _a1086P
942 _cBK
999 _c584826
_d584826